The art of influence : your competitive edge (Record no. 288893)

MARC details
000 -LEADER
fixed length control field 00411nam a2200157Ia 4500
005 - DATE AND TIME OF LATEST TRANSACTION
control field 20241106120135.0
008 - FIXED-LENGTH DATA ELEMENTS--GENERAL INFORMATION
fixed length control field 240126s9999 xx 000 0 und d
020 ## - INTERNATIONAL STANDARD BOOK NUMBER
International Standard Book Number 9789388423434
082 ## - DEWEY DECIMAL CLASSIFICATION NUMBER
Classification number 153.852 STO;1 R
100 ## - MAIN ENTRY--PERSONAL NAME
Personal name Stovall, Jim. Hull, Ray H.
245 #4 - TITLE STATEMENT
Title The art of influence : your competitive edge
260 ## - PUBLICATION, DISTRIBUTION, ETC. (IMPRINT)
Name of publisher, distributor, etc. Jaico Pub.
Place of publication, distribution, etc. Ahmedabad
Date of publication, distribution, etc. 2018
300 ## - PHYSICAL DESCRIPTION
Extent 194
440 ## - SERIES STATEMENT/ADDED ENTRY--TITLE
Title NULL
942 ## - ADDED ENTRY ELEMENTS (KOHA)
Koha item type PESU Books
Holdings
Date last seen Total Checkouts Total Renewals Full call number Accession number Volume/Issue Number Date checked out Cost, replacement price Price effective from Category Lost status Damaged status Department Withdrawn status bill no. Permanent Location Current Location Shelving location Entry date Vendor Cost, normal purchase price Grants Currency symbol Conversion rate Discount Discount type
28/08/2025 1 1 153.852 STO;1 R PU10706 (10/07/1905) 30/07/2025 233.22 26/01/2024 PESU Books     Central Library   1227 Central Library RFID Kiosk Central Library 09/10/2019 Sreenivasan K V 299.00 GEN RS 1 22 Percentage

© For any Suggestions or Query, please contact the library staff @ librarian@pes.edu or Phone: +9180 2672 1983/ 2108.